GATE COMPUTER SCIENCE AND INFORMATION TECHNOLOGY (Record no. 20362)

MARC details
000 -LEADER
fixed length control field 00227nam a22000977a 4500
003 - CONTROL NUMBER IDENTIFIER
control field SGT
100 ## - MAIN ENTRY--PERSONAL NAME
Personal name TRISHNAS
245 ## - TITLE STATEMENT
Title GATE COMPUTER SCIENCE AND INFORMATION TECHNOLOGY
260 ## - PUBLICATION, DISTRIBUTION, ETC. (IMPRINT)
Place of publication, distribution, etc NEW DELHI
Name of publisher, distributor, etc PEARSON
Year of Publication 2019
942 ## - ADDED ENTRY ELEMENTS (KOHA)
Source of classification or shelving scheme Dewey Decimal Classification
Koha item type CDs & DVDs
Holdings
Withdrawn status Lost status Source of classification or shelving scheme Damaged status Not for loan Collection code Home library Current library Shelving location Date acquired SGTU Total Checkouts Accession No. (Barcode) Date last seen Bill Date Koha item type
    Dewey Decimal Classification     ENGINEERING SGT Engineering Library SGT Engineering Library On Display 22/07/2020 SGTU   FECD507 22/07/2020 22/07/2020 CDs & DVDs
    Dewey Decimal Classification     ENGINEERING SGT Engineering Library SGT Engineering Library On Display 22/07/2020 SGTU   FECD508 22/07/2020 22/07/2020 CDs & DVDs